000 00712nam a2200205Ii 4500
003 JO-AjNU
008 230605s9999||||xx |||||||||||||| ||und||
040 _aJO-AjNU
_bara
_erda
_cJO-AjNU
041 _aara
050 1 4 _aKMU166.3.2011
100 3 _aوهبة، وسيم حسن,
_eauthor
_934257
245 0 0 _aأصول المحاكمات الجزائية
250 _aط3
264 3 1 _aبيروت : مكتبة زين الحقوقية والأدبية، 2011
300 _a179ص
336 _atext
_btxt
_2rdacontent
337 _aunmediated
_bn
_2rdamedia
338 _avolume
_bnc
_2rdacarrier
650 4 _aالمحاكمات -- المحاكمات الجنائية -- القانون الجنائي
_934258
999 _aA14025
_c17593
_d17593